Biblioteca

To share in the body (Registro nro. 64752)

Detalles MARC
000 -LÍDER
Campo fijo de descripción fija 01220cam a2200337 i 4500
001 - NÚMERO DE CONTROL
Campo de control 133465488
003 - IDENTIFICADOR DEL NÚMERO DE CONTROL
Campo de control CO-MdFUSB
005 - FECHA Y HORA DE LA ULTIMA TRANSACCIÓN
control field 20190124164112.0
008 - ELEMENTOS DE LONGITUD FIJA -- INFORMACIÓN GENERAL
Campo fijo de descripción fija -- Información general 070514t20082007miu g b 001 0 eng
010 ## - NÚMERO DE CONTROL DE LA BIBLIOTECA DEL CONGRESO
Número de control LC 2007020194
020 ## - NÚMERO INTERNACIONAL NORMALIZADO PARA LIBROS
Número Internacional Normalizado del libro 9781587432170 (pbk.)
020 ## - NÚMERO INTERNACIONAL NORMALIZADO PARA LIBROS
Número Internacional Normalizado del libro 158743217X (pbk.)
040 ## - FUENTE DE CATALOGACIÓN
Agencia de catalogación original DLC
Idioma de catalogación spa
Agencia que realiza la transcripción CO-MdFUSB
Agencia que realiza la modificación CO-MdFUSB
-- BAKER
-- YDXCP
-- C#P
-- WTS
-- OCLCG
-- OCLCQ
-- BDX
-- CAP
-- UtOrBLW
Convenciones de la descripción rda
041 ## - CÓDIGO DE IDIOMA
Código de idioma para texto/pista de sonido o título separado eng
082 ## - NÚMERO DE CLASIFICACIÓN DECIMAL DEWEY
Número de la edición del Dewey 24
Número de clasificación G 226.3
Clave de autor-Numero de item H846s
100 1# - ASIENTO PRINCIPAL--NOMBRE PERSONAL
Nombre personal Hovey, Craig,
Fechas asociadas con el nombre 1974-
Término relacionador autor
245 10 - TÍTULO
Título del Material To share in the body
Parte restante del título - Subtitulo : A theology of martyrdom for today's church
Mención de responsabilidad, etc. / Craig Hovey.
264 #1 - PRODUCCIÓN, PUBLICACIÓN, DISTRIBUCIÓN, MANUFACTURA, Y COPYRIGHT
Lugar de producción, publicación, distribución, manufactura Grand Rapids, Mich. :
Nombre del productor, publicador, distribuidor Brazos Press,
Fecha de producción, publicación, distribución, manufactura, o copyright ℗2007
264 #4 - PRODUCCIÓN, PUBLICACIÓN, DISTRIBUCIÓN, MANUFACTURA, Y COPYRIGHT
Fecha de producción, publicación, distribución, manufactura, o copyright ©2008.
300 ## - DESCRIPCIÓN FÍSICA
Extensión 157 páginas ;
Dimensiones 22 cm.
336 ## - TIPO DE CONTENIDO
Fuente rdacontent.
Término de tipo de contenido texto
Código de tipo de contenido txt
337 ## - TIPO DE MEDIO
Fuente rdamedia.
Nombre del tipo de medio sin mediación
Código del tipo de medio n
338 ## - TIPO DE SOPORTE
Fuente rdacarrier.
Nombre del tipo de soporte volumen
Código Tipo de soporte nc
501 ## - NOTA DE “CON”
Nota de Contenido Incluye índices (páginas 151- 157)
505 0# - NOTA DE CONTENIDO
Nota de contenido con formato preestablecido Las aguas que se ahogan -- Llevando cruces -- Contemplando la gloria -- Huyendo de la cruz -- Observando desde lejos -- No viendo al Resucitado -- Martirio y promesa.
630 07 - TITULO UNIFORME
Título uniforme Biblia.
Nombre de parte o sección de la obra Marcos
653 ## - TÉRMINO DE INDIZACIÓN - NO CONTROLADO
Término no controlado Martirio
942 ## - TIPO DE MATERIAL (KOHA)
Tipo de Item KOHA Libros General
Existencias
Estado de Material Estado de Perdido Forma de Clasificación Estado de Dañado No para Préstamo Colección Biblioteca de Origen Biblioteca Permanente Fecha de Adquisición Total de Préstamos Signatura Topográfica Código de Barras Última vez visto Ejemplar/Existencia Fecha de Remplazo Tipo de Material
    Dewey Decimal Classification     Colección General Biblioteca FUSBC Biblioteca FUSBC 24/01/2019   G 226.3 H846s 12559 12/12/2019 Ej. 1 24/01/2019 Libros General

Biblioteca FUSBC | Teléfono: (57+4) 349 88 10 Ext. 141| WhatsApp (+57) 3005338115 
E-mail: biblioteca@unisbc.edu.co | Calle 76 87-14 Robledo Palenque, Medellín, Colombia

Con tecnología Koha